Animes par Emojis #2 - Statistiques

Statistiques générales
  • Ce quiz a été pris 43 fois
  • Le résultat moyen est 8 sur 18
Statistiques - réponses
Emojis Anime % Correct
🔥🧚‍♂️🐉 Fairy Tail
82%
🍀📚👿 Black Clover
79%
🏐🏃‍♂️👑 Haikyuu!!
76%
👊🥚🤖 One Punch Man
71%
🧪🌍🌱 Dr. Stone
68%
🏀👻💨 Kuroko's Basketball
65%
7️⃣🐷👑 The Seven Deadly Sins
56%
🪓⚔️🌊 Vinland Saga
53%
👑🧠👁️ Code Geass
38%
⏪🧒❄️ Erased
29%
👓🦠🖐️ Parasyte
29%
🔁⏳☠️ Re:Zero
29%
🐜📈👤 Solo Leveling
24%
🤖🌍😔 Evangelion
21%
🏠👶🍽️ The Promised Neverland
18%
🥦💥👻 Mob Psycho 100
15%
⏱️📡🧪 Steins;Gate
15%
🕳️🌑🤖 Made in Abyss
3%
Aucun quiz correspondant
Distribution des résultats
% des personnes avec chaque résultat
Percentile par nombre de réponses
Votre historique - résultats
Vous n’avez pas pris ce quiz